<?xml version="1.0" encoding="UTF-8"?>
<record
    xmlns:xsi="http://www.w3.org/2001/XMLSchema-instance"
    xsi:schemaLocation="http://www.loc.gov/MARC21/slim http://www.loc.gov/standards/marcxml/schema/MARC21slim.xsd"
    xmlns="http://www.loc.gov/MARC21/slim">

  <leader>02043nam0a2200349   4500</leader>
  <controlfield tag="001">RU\NLR\BIBL_A\012693966</controlfield>
  <controlfield tag="005">20220504160647.0</controlfield>
  <datafield tag="010" ind1=" " ind2=" ">
    <subfield code="a">978-5-17-120671-0</subfield>
    <subfield code="9">2000</subfield>
  </datafield>
  <datafield tag="021" ind1=" " ind2=" ">
    <subfield code="a">RU</subfield>
    <subfield code="b">&#x41A;&#x41D;-&#x41F;-21-066653</subfield>
    <subfield code="9">&#x41A;&#x41D;-&#x41F;-21-5267</subfield>
  </datafield>
  <datafield tag="035" ind1=" " ind2=" ">
    <subfield code="a">(NLR Aleph) 012693966</subfield>
  </datafield>
  <datafield tag="035" ind1=" " ind2=" ">
    <subfield code="a">(RuMoRGB)010819379</subfield>
  </datafield>
  <datafield tag="090" ind1=" " ind2=" ">
    <subfield code="a">12856332</subfield>
    <subfield code="c">12856332</subfield>
  </datafield>
  <datafield tag="100" ind1=" " ind2=" ">
    <subfield code="a">20220126d2021    u  y0rusy50      ca</subfield>
  </datafield>
  <datafield tag="101" ind1="1" ind2=" ">
    <subfield code="a">rus</subfield>
    <subfield code="c">eng</subfield>
  </datafield>
  <datafield tag="102" ind1=" " ind2=" ">
    <subfield code="a">RU</subfield>
  </datafield>
  <datafield tag="105" ind1=" " ind2=" ">
    <subfield code="a">y   z   000ay</subfield>
  </datafield>
  <datafield tag="181" ind1=" " ind2="0">
    <subfield code="a">i</subfield>
    <subfield code="b">axxe</subfield>
  </datafield>
  <datafield tag="182" ind1=" " ind2="0">
    <subfield code="a">n</subfield>
  </datafield>
  <datafield tag="200" ind1="1" ind2=" ">
    <subfield code="a">&#x41A;&#x440;&#x430;&#x43C;&#x435;&#x440; &#x43F;&#x440;&#x43E;&#x442;&#x438;&#x432; &#x41A;&#x440;&#x430;&#x43C;&#x435;&#x440;&#x430;</subfield>
    <subfield code="e">[&#x440;&#x43E;&#x43C;&#x430;&#x43D;]</subfield>
    <subfield code="f">&#x42D;&#x432;&#x435;&#x440;&#x438; &#x41A;&#x43E;&#x440;&#x43C;&#x430;&#x43D;</subfield>
    <subfield code="g">&#x43F;&#x435;&#x440;&#x435;&#x432;&#x43E;&#x434; &#x441; &#x430;&#x43D;&#x433;&#x43B;&#x438;&#x439;&#x441;&#x43A;&#x43E;&#x433;&#x43E; &#x41B;. &#x422;&#x430;&#x443;&#x43B;&#x435;&#x432;&#x438;&#x447;</subfield>
  </datafield>
  <datafield tag="203" ind1=" " ind2=" ">
    <subfield code="a">&#x422;&#x435;&#x43A;&#x441;&#x442;</subfield>
    <subfield code="b">&#x432;&#x438;&#x437;&#x443;&#x430;&#x43B;&#x44C;&#x43D;&#x44B;&#x439;</subfield>
    <subfield code="c">&#x43D;&#x435;&#x43F;&#x43E;&#x441;&#x440;&#x435;&#x434;&#x441;&#x442;&#x432;&#x435;&#x43D;&#x43D;&#x44B;&#x439;</subfield>
  </datafield>
  <datafield tag="210" ind1=" " ind2=" ">
    <subfield code="a">&#x41C;&#x43E;&#x441;&#x43A;&#x432;&#x430;</subfield>
    <subfield code="c">N</subfield>
    <subfield code="c">&#x410;&#x421;&#x422;</subfield>
    <subfield code="d">2021</subfield>
  </datafield>
  <datafield tag="215" ind1=" " ind2=" ">
    <subfield code="a">252, [1] &#x441;.</subfield>
    <subfield code="d">21</subfield>
  </datafield>
  <datafield tag="225" ind1="1" ind2=" ">
    <subfield code="a">&#x421;&#x435;&#x440;&#x438;&#x44F; "&#x418;&#x441;&#x442;&#x438;&#x43D;&#x43D;&#x44B;&#x435; &#x446;&#x435;&#x43D;&#x43D;&#x43E;&#x441;&#x442;&#x438;"</subfield>
  </datafield>
  <datafield tag="330" ind1=" " ind2=" ">
    <subfield code="a">&#x421;&#x447;&#x430;&#x441;&#x442;&#x43B;&#x438;&#x432;&#x430;&#x44F;, &#x43A;&#x430;&#x437;&#x430;&#x43B;&#x43E;&#x441;&#x44C; &#x431;&#x44B;, &#x436;&#x435;&#x43D;&#x430; &#x438; &#x43C;&#x430;&#x442;&#x44C; &#x414;&#x436;&#x43E;&#x430;&#x43D;&#x43D;&#x430; &#x41A;&#x440;&#x430;&#x43C;&#x435;&#x440; &#x432;&#x43D;&#x435;&#x437;&#x430;&#x43F;&#x43D;&#x43E; &#x443;&#x445;&#x43E;&#x434;&#x438;&#x442; &#x438;&#x437; &#x441;&#x435;&#x43C;&#x44C;&#x438;, &#x443;&#x441;&#x442;&#x430;&#x432; &#x431;&#x44B;&#x442;&#x44C; &#x442;&#x43E;&#x43B;&#x44C;&#x43A;&#x43E; &#x436;&#x435;&#x43D;&#x43E;&#x439; &#x438; &#x43C;&#x430;&#x442;&#x435;&#x440;&#x44C;&#x44E; &#x438; &#x43E;&#x441;&#x442;&#x430;&#x432;&#x438;&#x432; &#x43C;&#x430;&#x43B;&#x44B;&#x448;&#x430; &#x411;&#x438;&#x43B;&#x43B;&#x438; &#x43D;&#x430; &#x440;&#x443;&#x43A;&#x430;&#x445; &#x441;&#x432;&#x43E;&#x435;&#x433;&#x43E; &#x43C;&#x443;&#x436;&#x430; &#x422;&#x435;&#x434;&#x430;. &#x420;&#x430;&#x441;&#x442;&#x435;&#x440;&#x44F;&#x43D;&#x43D;&#x44B;&#x439;, &#x441;&#x431;&#x438;&#x442;&#x44B;&#x439; &#x441; &#x442;&#x43E;&#x43B;&#x43A;&#x443;, &#x422;&#x435;&#x434; &#x43E;&#x442;&#x447;&#x430;&#x44F;&#x43D;&#x43D;&#x43E; &#x43F;&#x44B;&#x442;&#x430;&#x435;&#x442;&#x441;&#x44F; &#x441;&#x434;&#x435;&#x43B;&#x430;&#x442;&#x44C; &#x442;&#x43E;, &#x447;&#x442;&#x43E; &#x440;&#x430;&#x43D;&#x44C;&#x448;&#x435; &#x43D;&#x435; &#x43F;&#x440;&#x435;&#x434;&#x441;&#x442;&#x430;&#x432;&#x43B;&#x44F;&#x43B; &#x434;&#x430;&#x436;&#x435; &#x432;&#x43E;&#x437;&#x43C;&#x43E;&#x436;&#x43D;&#x44B;&#x43C;, - &#x441;&#x43E;&#x432;&#x43C;&#x435;&#x441;&#x442;&#x438;&#x442;&#x44C; &#x440;&#x430;&#x431;&#x43E;&#x442;&#x443; &#x441; &#x432;&#x43E;&#x441;&#x43F;&#x438;&#x442;&#x430;&#x43D;&#x438;&#x435;&#x43C; &#x440;&#x435;&#x431;&#x435;&#x43D;&#x43A;&#x430;. &#x41E;&#x434;&#x43D;&#x430;&#x43A;&#x43E; &#x43F;&#x43E;&#x43B;&#x442;&#x43E;&#x440;&#x430; &#x433;&#x43E;&#x434;&#x430; &#x441;&#x43F;&#x443;&#x441;&#x442;&#x44F;, &#x43A;&#x43E;&#x433;&#x434;&#x430; &#x436;&#x438;&#x437;&#x43D;&#x44C; &#x422;&#x435;&#x434;&#x430; &#x438; &#x411;&#x438;&#x43B;&#x43B;&#x438; &#x43D;&#x430;&#x43A;&#x43E;&#x43D;&#x435;&#x446;-&#x442;&#x43E; &#x43D;&#x430;&#x447;&#x438;&#x43D;&#x430;&#x435;&#x442; &#x43D;&#x430;&#x43B;&#x430;&#x436;&#x438;&#x432;&#x430;&#x442;&#x44C;&#x441;&#x44F;, &#x432;&#x43D;&#x435;&#x437;&#x430;&#x43F;&#x43D;&#x43E; &#x432;&#x43E;&#x437;&#x432;&#x440;&#x430;&#x449;&#x430;&#x435;&#x442;&#x441;&#x44F; &#x414;&#x436;&#x43E;&#x430;&#x43D;&#x43D;&#x430; - &#x43D;&#x435; &#x432; &#x441;&#x435;&#x43C;&#x44C;&#x44E;, &#x430; &#x441; &#x442;&#x440;&#x435;&#x431;&#x43E;&#x432;&#x430;&#x43D;&#x438;&#x435;&#x43C; &#x43E;&#x43F;&#x435;&#x43A;&#x438; &#x43D;&#x430;&#x434; &#x441;&#x44B;&#x43D;&#x43E;&#x43C;</subfield>
  </datafield>
  <datafield tag="333" ind1=" " ind2=" ">
    <subfield code="a">16+</subfield>
  </datafield>
  <datafield tag="686" ind1="1" ind2=" ">
    <subfield code="a">&#x428;6(7&#x421;&#x428;&#x410;)67-440.4{&#x41B;&#x445;1979-50}</subfield>
  </datafield>
  <datafield tag="700" ind1=" " ind2="1">
    <subfield code="a">&#x41A;&#x43E;&#x440;&#x43C;&#x430;&#x43D;</subfield>
    <subfield code="b">&#x42D;.</subfield>
    <subfield code="f">1935-</subfield>
    <subfield code="g">&#x42D;&#x432;&#x435;&#x440;&#x438;</subfield>
    <subfield code="3">RU\NLR\AUTH\770241982</subfield>
  </datafield>
  <datafield tag="942" ind1=" " ind2=" ">
    <subfield code="c">BOOK</subfield>
  </datafield>
  <datafield tag="980" ind1=" " ind2=" ">
    <subfield code="a">NB</subfield>
  </datafield>
  <datafield tag="995" ind1=" " ind2=" ">
    <subfield code="5">2022-01-26</subfield>
    <subfield code="a">ad</subfield>
    <subfield code="b">NLR01</subfield>
    <subfield code="c">NLR01</subfield>
    <subfield code="e">RF81</subfield>
    <subfield code="f">1-3630633</subfield>
    <subfield code="k">2022-3/1797</subfield>
    <subfield code="o">0</subfield>
    <subfield code="r">BOOK</subfield>
    <subfield code="s">202231797_</subfield>
  </datafield>
  <datafield tag="995" ind1=" " ind2=" ">
    <subfield code="5">2022-01-26</subfield>
    <subfield code="a">ad</subfield>
    <subfield code="b">NLR01</subfield>
    <subfield code="c">NLR01</subfield>
    <subfield code="e">RF81</subfield>
    <subfield code="f">1-3630634</subfield>
    <subfield code="k">2022-3/1797</subfield>
    <subfield code="o">0</subfield>
    <subfield code="r">BOOK</subfield>
    <subfield code="s">202231797_</subfield>
  </datafield>
</record>
